000 00377nam a2200121Ia 4500
008 180116s9999 xx 000 0 und d
020 _a9781111306663
100 _aManning Rodriguez, Margaret H.
245 _cMargaret H. Manning Rodriguez
_aMicrobiology for Surgical Technologists /
250 _a2nd ed
260 _aBoston, USA
_bCengage Learning
_c2017
300 _a380 pages
999 _c353232
_d353232